000 00423nam a2200181Ia 4500
001 14107
005 20260306164850.0
008 260306t2004||||xx |||||||||||||| ||spa||
041 _aESP
082 _a006.6
_bH31C
100 _aHearn, Donald
_eAUT
245 0 _aComputer graphics:
_bwith OpenGL
260 _c2004
300 _a857 páginas :
_c28 cm.
650 _aGEN
654 _aCCC
942 _cLIB
_dJUS
_fJUS
_2ddc
_n
999 _c14107
_d14107